| 000 | 00572nam a2200193 a 4500 | ||
|---|---|---|---|
| 003 | PILC | ||
| 005 | 20150112093440.0 | ||
| 008 | 100722s19uu xx 00 eng d | ||
| 020 | _a007039184X | ||
| 050 |
_aHD 58.7 _b.L88 1998 |
||
| 082 |
_aMnSF 658.402 _bL97 1998 |
||
| 100 |
_aLuthans, Fred _918045 |
||
| 245 |
_aOrganizational behavior / _cFred Luthans |
||
| 250 | _a8th ed. | ||
| 260 |
_aBoston, Massachusetts : _bIrwin/McGraw Hill, _c1998. |
||
| 300 |
_a667 pages : _bcolored illustration ; _c28 cm. |
||
| 650 |
_aOrganizational behavior _916607 |
||
| 942 |
_2lcc _cBK |
||
| 999 |
_c14707 _d14707 |
||